01146 2200205 4500001002100000005001500021035002000036008004100056245006300097100002100160250000600181260003800187300001200225084001400237082000800251650001000259520064700269990001200916990001200928INLIS00000000000083420240611073357 a0010-0524000069240611 1 ind 1 aI Still Heart You First Love Never Dies /cLolita Alvianti aAlvianti, Lolita a1 aYogyakarta :bSheila/ Andi,c2019 a348 hlm a813 LOL i a813 4aFiksi aTidak ada hal yang lebih buruk bagi hidup seorang Lily ketika sebuah kesialan yang terjadi setelah jam makan siang memporak-porandakan hidupnya dan menghancurkan mimpi yang telah susah payah diraihnya. Terlebih jika perjalanan meraih mimpi itu tinggal selangkah lagi. Selain menghanguskan mimpinya, kesialan itu juga mempertemukannya dengan Devon, mantan pacar yang selama bertahun-tahun tak bisa dilupakannya. Di tengah kesialan itu, muncullah Remy, sosok pria yang selalu ada baginya. Apakah Lily dapat benar-benar melupakan Devon dan memilih Remy? Satu hal yang harus diingat, yaitu takdir selalu punya misterinya sendiri yang tak terduga. a0741268 a0741269